000 00682cam a22002417a 4500
003 CHAP
005 20220329134519.0
008 971013s r 00010 d
010 _a21418
011 _a22390
035 _a26485
040 _cCHAP
090 _aR-698
100 0 0 _aDrury, Aubrey.
_934269
245 1 3 _aUn mismo sistema de pesas y medidas para toda la América
500 _aSobretiro de : Bol. de la Unión Panamericana. 1925. 8 p.
590 _aBATCH-UPD
_b10
_c20130110
_lUCH01
_h0335
590 _aCONVERSION
_b10
_c20130109
_lUCH01
_h1313
650 1 4 _aPesas y medidas.
_987349
901 _aBK
942 _cREIMP
949 _bBC
_cR
_d-61084
_eTS1
_i26485
_si
999 _c21418
_d21418